00283nam a2200109Ia 4500008004100000041000800041082001400049100001800063245002100081260004100102300003000143240624s9999 xx 000 0 und d aeng a659.1 DEN aDENNISON DELL aADVERTISING BOOK c2003aMumbaibJaico Publishing House axv, : 310 : p. : cm. ; 22